000 00937nas a2200301 4500
001 BR9802485
003 BR-BrBNA
005 20231205100752.0
007 ta
008 230509b bl.|||p| |||| 00| 00por d
040 _aBR-BrBNA
_bpor
_cBiblioteca Nacional de Agricultura
041 _a(Pt)
072 _aJ11
100 1 _aMota, R.V. da
100 1 _aBassinello, P.Z.
100 1 _aMelotto, E.
100 1 _aCastro, P.R.C.
245 1 _aDesverdecimento e conservacao em pos-colheita de frutos de kunquat (Fortunella margarita, Swingle)em resposta a tratamentos com ethephon e cera
650 _aPreservacao de Alimento
650 _aPigmentacao
650 _aFruta Citrica
650 _aEtefon
650 _aCera
650 _aPos-Colheita
773 0 _tScientia Agricola (Brazil)
_xISSN 0103-9016
_g(Sep-Dec 1997), v. 54(3) p. 241-246
_wBR9802485
909 _a202311
_bLúcia
_c55
_dLúcia Elande
942 _2AGRIS
_n0
_cANA
999 _c157960
_d157960